Recycling of polypropylene based car bumpers: Mechanical and morphological analysis (Record no. 66558)

MARC details
000 -LEADER
fixed length control field 00543nam a2200193Ia 4500
100 ## - MAIN ENTRY--AUTHOR NAME
Personal name Ragosta G
245 #0 - TITLE STATEMENT
Title Recycling of polypropylene based car bumpers: Mechanical and morphological analysis
260 ## - PUBLICATION, DISTRIBUTION, ETC. (IMPRINT)
Name of publisher Progress in Rubber, Plastics and Recycling Technology
Year of publication 2003
300 ## - PHYSICAL DESCRIPTION
Number of Pages 15-Jan
650 ## - SUBJECT ADDED ENTRY--TOPICAL TERM
Topical Term Car bumper
650 ## - SUBJECT ADDED ENTRY--TOPICAL TERM
Topical Term Morphological analysis
650 ## - SUBJECT ADDED ENTRY--TOPICAL TERM
Topical Term Recycling
700 ## - ADDED ENTRY--PERSONAL NAME
Personal name Camino G
700 ## - ADDED ENTRY--PERSONAL NAME
Personal name Maio L Di
700 ## - ADDED ENTRY--PERSONAL NAME
Personal name Musto P
700 ## - ADDED ENTRY--PERSONAL NAME
Personal name Russo P
942 ## - ADDED ENTRY ELEMENTS (KOHA)
Koha item type Journals
Holdings
Withdrawn status Lost status Damaged status Not for loan Home library Current library Shelving location Date acquired Serial Enumeration / chronology Koha item type
      Journals RRII Library RRII Library Rubber chemistry 17/12/2021 Volume 19, Issue 1 Journals